|
|
|
|
| LEADER |
01257nam a22002297a 4500 |
| 001 |
29274 |
| 003 |
BD-DhAAL |
| 005 |
20260128110208.0 |
| 008 |
150709s1978 bg ||||| |||| 00| 0 eng d |
| 040 |
|
|
|a BD-DhAAL
|c BD-DhAAL
|
| 082 |
|
|
|a 305.42095492
|2 22
|
| 245 |
|
|
|a Manikganj :
|b agriculture, income & asset survey
|g 1977.
|
| 260 |
|
|
|a Dhaka :
|b Research and Evaluation Division, Bangladesh Rural Advancement Committee,
|c 1978.
|
| 300 |
|
|
|a 165 pages :
|c 34 cm.
|
| 541 |
|
|
|a Complimentary copy from BRAC
|e 29274
|
| 650 |
|
|
|a BRAC (Bangladesh Rural Advancement Committee).
|9 7235
|
| 710 |
|
|
|a Bangladesh Rural Advancement Committee(BRAC),
|9 12971
|
| 852 |
|
|
|a Ayesha Abed Library
|b General Stacks
|
| 942 |
|
|
|2 ddc
|c BK
|
| 999 |
|
|
|c 34991
|d 34991
|
| 952 |
|
|
|0 0
|1 0
|2 ddc
|4 0
|6 305_420954920000000_MAN
|7 1
|8 RPT
|9 54866
|a BRACUL
|b BRACUL
|c BRS
|d 2015-07-09
|e Complimentary copy from BRAC
|l 1
|o 305.42095492 MAN
|p 3010029274
|r 2025-12-30
|s 2025-03-23
|t 1
|w 2015-07-09
|y BK
|x Complimentary copy from BRAC. No price found in the accession register.
|
| 952 |
|
|
|0 0
|1 0
|2 ddc
|4 0
|6 305_420954920000000_MAN
|7 1
|8 RPT
|9 54884
|a BRACUL
|b BRACUL
|c BRS
|d 2015-07-09
|e Complimentary copy from BRAC
|l 2
|m 24
|o 305.42095492 MAN
|p 3010029273
|r 2025-12-30
|s 2025-03-23
|t 2
|w 2015-07-09
|y BK
|x BRAC ; price not available in register
|